Malaysia and its neighbours / (Record no. 7368)
[ view plain ]
| 000 -LEADER | |
|---|---|
| fixed length control field | 00659cam a22002531 4500 |
| 001 - CONTROL NUMBER | |
| JCCL Control Number | 7368 |
| 003 - CONTROL NUMBER IDENTIFIER | |
| JCCL marc code | BD-JhCC |
| 005 - DATE AND TIME OF LATEST TRANSACTION | |
| control field | 20181204101529.0 |
| 008 - FIXED-LENGTH DATA ELEMENTS--GENERAL INFORMATION | |
| fixed length control field | 720922s1967 xx 000 0 eng |
| 035 ## - SYSTEM CONTROL NUMBER | |
| system control number | (BD-JhCC)7368 |
| 035 ## - SYSTEM CONTROL NUMBER | |
| system control number | (OCoLC)412870 |
| 040 ## - CATALOGING SOURCE | |
| Original cataloging agency | DLC |
| Transcribing agency | ODaWU |
| Modifying agency | DLC |
| -- | BD-JhCC |
| 041 ## - LANGUAGE CODE | |
| Language code of Book | eng |
| 050 00 - LIBRARY OF CONGRESS CALL NUMBER | |
| Classification number | DS597.2 |
| Item number | .G8 1967 |
| 082 ## - DEWEY DECIMAL CLASSIFICATION NUMBER | |
| Author mark and Year | GUL 1967 |
| Classification number | 959.505 |
| 100 1# - MAIN ENTRY--PERSONAL NAME | |
| Personal name | Gullick, J. M. |
| 245 10 - TITLE STATEMENT | |
| Title | Malaysia and its neighbours / |
| Statement of responsibility, etc | J. M. Gullick, |
| 260 ## - PUBLICATION, DISTRIBUTION, ETC. (IMPRINT) | |
| Place of publication, distribution, etc | New York, |
| Name of publisher, distributor, etc | Barnes & Noble |
| Date of publication, distribution, etc | [1967] |
| 300 ## - PHYSICAL DESCRIPTION | |
| Pagination | 194 p. |
| 490 0# - SERIES STATEMENT | |
| Series statement | The World studies series |
| 651 #0 - SUBJECT ADDED ENTRY--GEOGRAPHIC NAME | |
| Geographic name | Malaysia |
| General subdivision | History |
| -- | Sources. |
| 942 ## - ADDED ENTRY ELEMENTS (KOHA) | |
| Source of classification or shelving scheme | Dewey Decimal Classification |
| Koha item type | Books |
| Source of classification or shelving scheme | Damaged status | Not for loan | Home library | Current library | Shelving location | Total Checkouts | Full call number | Barcode | Date last seen | Copy number | Koha item type |
|---|---|---|---|---|---|---|---|---|---|---|---|
| Dewey Decimal Classification | JCC Rouf Library | JCC Rouf Library | General Stacks | 959.505 GUL 1967 | 9874 | 02/08/2018 | C - 1 | Books |